Catálogo público

Compuestos fenólicos y actividad enzimática en frutos de zapote mamey (Pouteria sapota) con diferentes estados de madurez / (Record no. 176102)

MARC details
000 -CABECERA
campo de control de longitud fija 05358nam a2200481Ia 4500
001 - NÚMERO DE CONTROL
campo de control dia_5211
003 - IDENTIFICADOR DEL NÚMERO DE CONTROL
campo de control CHAP
005 - FECHA Y HORA DE LA ÚLTIMA TRANSACCIÓN
campo de control 20240920131326.0
007 - CAMPO FIJO DE DESCRIPCIÓN FÍSICA--INFORMACIÓN GENERAL
campo de control de longitud fija ta
008 - DATOS DE LONGITUD FIJA--INFORMACIÓN GENERAL
campo de control de longitud fija 220117s2012 mx ad fsm 001 0 spa d
010 ## - NÚMERO DE CONTROL DE LA BIBLIOTECA DEL CONGRESO
Número de control de LC 176102
040 ## - FUENTE DE LA CATALOGACIÓN
Centro/agencia transcriptor CHAP
Centro catalogador/agencia de origen mxchpua
Normas de descripción rda
041 0# - CÓDIGO DE LENGUA
Código de lengua del texto/banda sonora o título independiente spa
Código de lengua del sumario o resumen eng
090 ## - LOCALMENTE ASIGNADO TIPO-LC NÚMERO DE CLASIFICACIÓN (OCLC); NÚMERO DE CLASIFICACIÓN LOCAL (RLIN)
Número de clasificación (OCLC) (R) ; Numero de clasificación, CALL (RLIN) (NR) Tesis
Número cutter local (OCLC) ; Número de libro/Signatura topográfica íntegra, CALL (RLIN) T67
año 2012
100 1# - ENTRADA PRINCIPAL--NOMBRE DE PERSONA
Nombre de persona Torres Rodríguez, Araceli
240 10 - TÍTULO UNIFORME
Título uniforme Phenolics compound and enzymatic activity in fruits of mamey zapote (Pouteria sapota) with different states of maturity.
Lenguaje de la obra Español
245 10 - MENCIÓN DE TÍTULO
Título Compuestos fenólicos y actividad enzimática en frutos de zapote mamey (Pouteria sapota) con diferentes estados de madurez /
Mención de responsabilidad, etc. Araceli Torres Rodríguez
264 ## - PRODUCCIÓN, PUBLICACIÓN, DISTRIBUCIÓN, FABRICACIÓN Y COPYRIGHT
Producción, publicación, distribución, fabricación y copyright Chapingo, México :
Nombre del de productor, editor, distribuidor, fabricante El autor,
Fecha de producción, publicación, distribución, fabricación o copyright 2012
300 ## - DESCRIPCIÓN FÍSICA
Extensión xiii, 92 hojas :
Otras características físicas ilustraciones, gráficas, diagramas, tablas +
Material acompañante/anejo 1 CD-ROM
336 ## - TIPO DE CONTENIDO
Fuente rdacontent
Término de tipo de contenido texto
Código de tipo de contenido txt
337 ## - TIPO DE MEDIO
Fuente rdamedia
Nombre/término del tipo de medio no mediado
Código del tipo de medio n
338 ## - TIPO DE SOPORTE
Fuente rdacarrier
Nombre/término del tipo de soporte volumen
Código del tipo de soporte nc
500 ## - NOTA GENERAL
Nota general El CD contiene artículo, resumen y reporte
502 ## - NOTA DE TESIS
Nota de tesis Tesis
Tipo de título (Maestro en Ciencias en Ciencia y Tecnología Agroalimentaria) --
Nombre de la institución que otorga el título UACh. Departamento de Ingeniería Agroindustrial,
Año de obtención del título 2012
504 ## - NOTA DE BIBLIOGRAFÍA, ETC.
Nota de bibliografía, etc. Incluye bibliografías
520 3# - SUMARIO, ETC.
Sumario, etc. El fruto de Pouteria sapota tiende a presentar oscurecimiento enzimático durante su madurez comercial. Esto se debe a la acción de las enzimas polifenol oxidasa (PPO) y peroxidasa (POD) sobre los fenoles del fruto. Con el fin de contribuir al conocimiento sobre las cambios que sufren los fenoles solubles totales (FST) del fruto de zapote mamey durante su proceso de maduración y su relación con las enzimas responsables del oscurecimiento, se realizó el presente trabajo, cuyos objetivos fueron:1) caracterizar el proceso de maduración mediante variables físicas y tasa respiratoria 2), analizar los FST durante el proceso de maduración y 3). Monitorear la actividad de las enzimas PPO y POD durante la maduración del fruto. Dentro de las variables físicas la firmeza es la que mejor describe el proceso de maduración con valores de 50 a 5 N. La concentración de FST determinado por el método Folin-Ciocalteau disminuyo de 19777.7 a 2012.6 mg g1de MF. Sin embargo, este método no es especifico para fenólicos por lo cual se determino con los métodos de Vainillina y DMAC con valores de 7552.2 a 1862.7 mg g1de MF y de 2393.3 a 221.0 mg g1de MF, respectivamente. La fracción de fenoles de baja polaridad se analizo por HPLC en frutos maduros encontrando ácido gálico, catequina, epicatequina, epicatequingalato y el pico 6 que fue tentativamente identificado como un dímero de catequina y se encontró la presencia de derivados de miricetina. La actividad enzimática de las enzimas PPO y POD aumento al llegar a madurez de consumo con valores de 182.28 UI y 6288 UI, respectivamente. Por esta razón el oscurecimiento de la pulpa de la fruta está relacionado al incremento de las enzimas y la disminución de fenoles.
520 3# - SUMARIO, ETC.
Sumario, etc. The fruit of Pouteria sapota tends to present enzymatic browning during their commercial maturity. Dueto the action of the enzymes polyphenol oxidase (PPO) and peroxidase (POD) on the phenols of the fruit. The following work was carried out with the porpuse of contributing to the knowledge about the changes that suffer the total soluble phenols (FST) of the fruit of mamey sapota during their maturation process and their relationship with the enzymes responsible for the browning. The objective were:1) to characterize the maturation process by means of physical variables and breathing rate 2), to analyze the FST during the maturation process and 3). Monitor the enzymes PPO and peroxidase POD activity during the maturation of the fruit. Inside the physical variables stability is the one that better describes the maturation process with values from 50 to 5 N. The concentration of FST determined by the method Folin-Ciocalteau diminishes from 19777.7 to 2012.6 mg g -1 of MF however, this method is not specific for phenolics that is why it was determined with Vanillin and DMAC methods with values from 7552.2 to 1862.7 mg g -1 of MF and of 2393.3 to 221.0 mg g-1 de MF, respectively. The fraction of phenols of low polarity was analyzed by HPLC in mature fruits finding gallic acid, catechin, epicatechin, epicatechingallato and the pick 6 that it was identified tentatively as a dimer catechin also it was found as a derived of myricetin. The enzymatic activity of the enzymes PPO and POD increased when arriving to consumption maturity with values of 61.6 to 182.28 UI and 929.6 to 6288 UI. For that reason it has been considered that the browning of the pulp of the fruit is related to the increment of the enzymes and the phenols decrease.
650 13 - PUNTO DE ACCESO ADICIONAL DE MATERIA--TÉRMINO DE MATERIA
Término de materia o nombre geográfico como elemento de entrada Fenoles
Fuente del encabezamiento o término atg
650 13 - PUNTO DE ACCESO ADICIONAL DE MATERIA--TÉRMINO DE MATERIA
Término de materia o nombre geográfico como elemento de entrada Mamey
Fuente del encabezamiento o término atg
650 13 - PUNTO DE ACCESO ADICIONAL DE MATERIA--TÉRMINO DE MATERIA
Término de materia o nombre geográfico como elemento de entrada Sapotaceas
Fuente del encabezamiento o término atg
650 12 - PUNTO DE ACCESO ADICIONAL DE MATERIA--TÉRMINO DE MATERIA
Término de materia o nombre geográfico como elemento de entrada Pouteria sapota
Subdivisión general Maduración
Fuente del encabezamiento o término atg
650 13 - PUNTO DE ACCESO ADICIONAL DE MATERIA--TÉRMINO DE MATERIA
Término de materia o nombre geográfico como elemento de entrada Phenols
Fuente del encabezamiento o término atg
650 13 - PUNTO DE ACCESO ADICIONAL DE MATERIA--TÉRMINO DE MATERIA
Término de materia o nombre geográfico como elemento de entrada Pouteria sapota
Subdivisión general Ripening
Fuente del encabezamiento o término atg
700 1# - PUNTO DE ACCESO ADICIONAL--NOMBRE DE PERSONA
Nombre de persona Salinas Moreno, Yolanda
Término indicativo de función/relación directora
700 1# - PUNTO DE ACCESO ADICIONAL--NOMBRE DE PERSONA
Nombre de persona Valle Guadarrama, Salvador
Término indicativo de función/relación director
700 1# - PUNTO DE ACCESO ADICIONAL--NOMBRE DE PERSONA
Nombre de persona Alia Tejacal, Irán
Término indicativo de función/relación asesor
856 41 - LOCALIZACIÓN Y ACCESO ELECTRÓNICOS
Identificador Uniforme del Recurso <a href="http://10.13.5.2/tesis/sist108714.pdf">http://10.13.5.2/tesis/sist108714.pdf</a>
Texto de enlace DESCARGAR PDF
901 ## - ELEMENTOS DE DATOS A LOCAL LDA (RLIN)
a TESIS T67 2012
942 ## - ELEMENTOS DE PUNTO DE ACCESO ADICIONAL (KOHA)
Tipo de ítem Koha TESIS
Fuente del sistema de clasificación o colocación Clasificación Universidad Autónoma Chapingo
902 ## - ELEMENTOS DE DATOS B LOCAL, LDB (RLIN)
a M
905 ## - ELEMENTOS DE DATOS E LOCAL, LDE (RLIN)
a 5232272012 mx amnl8222223322spa16
Holdings
Estado de retiro Estado de pérdida Fuente del sistema de clasificación o colocación Estado dañado Restricciones de uso No para préstamo Código de colección Localización permanente Ubicación/localización actual Fecha de adquisición Fuente de adquisición Total de préstamos Signatura topográfica completa Código de barras Fecha visto por última vez Fecha del último préstamo Número de copia Precio válido a partir de Tipo de ítem Koha Ubicación en estantería
    Clasificación Universidad Autónoma de Chapingo   Préstamo 5 días   Tesis Ingenieria Agroindustrial Ingenieria Agroindustrial 18/01/2022 El autor 1 Tesis T67 2012 1101007397 26/09/2024 26/09/2024 Ej. 2 18/01/2022 CD  
    Clasificación Universidad Autónoma de Chapingo   Préstamo interno   Tesis Ingenieria Agroindustrial Ingenieria Agroindustrial 18/01/2022 El autor   Tesis T67 2012 1101007396 18/01/2022   Ej. 1 18/01/2022 CD  
    Clasificación Universidad Autónoma de Chapingo       Tesis digitales de Maestría Ingenieria Agroindustrial Ingenieria Agroindustrial 20/09/2024 El autor     1201007396 20/09/2024     20/09/2024 Tesis digital En línea